| 000 | 00650nam a2200253Ia 4500 | ||
|---|---|---|---|
| 005 | 20260306145510.0 | ||
| 008 | 008 260114s9999 xx 000 0 eng d | ||
| 020 | _a9783110720211 | ||
| 037 | _aEbook | ||
| 040 | _aCRL | ||
| 040 | _beng | ||
| 040 | _cCRL | ||
| 041 | _2eng | ||
| 041 | _aeng | ||
| 084 | _qCRL | ||
| 100 |
_aPorath, Or / Rambelli, Fabio _91123913 |
||
| 245 | 0 | _aRituals of Initiation and Consecration in Premodern Japan | |
| 260 | _bDe Gruyter | ||
| 260 | _c2022 | ||
| 650 |
_aTheology and Religion _91123750 |
||
| 856 | _uhttps://www.degruyter.com/isbn/9783110720211 | ||
| 942 | _cEBOOK | ||
| 999 |
_c1688753 _d1688753 |
||